Communicate with confidence : (Record no. 2833)
[ view plain ]
| 000 -LEADER | |
|---|---|
| fixed length control field | nam a22 a 4500 |
| 003 - CONTROL NUMBER IDENTIFIER | |
| control field | AKMAL |
| 005 - DATE AND TIME OF LATEST TRANSACTION | |
| control field | 20170518112556.0 |
| 008 - FIXED-LENGTH DATA ELEMENTS--GENERAL INFORMATION | |
| fixed length control field | 170518t2012 nyua e | 001 0 eng d |
| 020 ## - INTERNATIONAL STANDARD BOOK NUMBER | |
| International Standard Book Number | 9780071770132 (pbk.) : |
| Terms of availability | RM69.50 |
| 040 ## - CATALOGING SOURCE | |
| Original cataloging agency | AKMAL |
| Transcribing agency | AKMAL |
| 082 04 - DEWEY DECIMAL CLASSIFICATION NUMBER | |
| Classification number | 651.73 BOO |
| Edition number | 22 |
| 090 20 - LOCALLY ASSIGNED LC-TYPE CALL NUMBER (OCLC); LOCAL CALL NUMBER (RLIN) | |
| Classification number (OCLC) (R) ; Classification number, CALL (RLIN) (NR) | 651.73 |
| Local cutter number (OCLC) ; Book number/undivided call number, CALL (RLIN) | BOO |
| 100 1# - MAIN ENTRY--PERSONAL NAME | |
| Personal name | Booher, Dianna Daniels |
| 9 (RLIN) | 5979 |
| 245 10 - TITLE STATEMENT | |
| Title | Communicate with confidence : |
| Remainder of title | how to say it right the first time and every time / |
| Statement of responsibility, etc. | by Dianna Booher |
| 260 ## - PUBLICATION, DISTRIBUTION, ETC. | |
| Place of publication, distribution, etc. | New York : |
| Name of publisher, distributor, etc. | McGraw-Hill, |
| Date of publication, distribution, etc. | c2012 |
| 300 ## - PHYSICAL DESCRIPTION | |
| Extent | xvii, 475p ; |
| Dimensions | 23cm. |
| 504 ## - BIBLIOGRAPHY, ETC. NOTE | |
| Bibliography, etc. note | Includes bibliographical references and index |
| 505 0# - FORMATTED CONTENTS NOTE | |
| Formatted contents note | Introduction: communication is a life-or-death matter -- Establishing your credibility -- Conversing one on one -- Making small talk a big deal -- Winning people over to your way of thinking : being persuasive -- Holding your own in meetings, but working as a team -- Listening until you really hear -- Asking the right questions without being intrusive -- Answering questions so people understand and remember what you say -- Saying no and giving other bad news without damaging the relationship -- Apologizing (and accepting apologies) without groveling or grit -- Giving feedback or criticizing without crippling -- Taking the sting out of negative feedback or criticism leveled at you -- Giving advice or coaching someone can really use -- Getting advice or coaching that's helpful -- Negotiating so everyone feels like a winner -- Resolving your conflicts without punching someone out -- Mediating others' conflicts without getting caught in the line of fire -- Responding to insults, boasting, insensitivity, gossip, and other goofs hurled at you -- Praising (and accepting praise) so your comments carry weight -- Delegating and giving instructions so "nothing falls between the cracks" -- Minimizing cross-talk between men and women -- Crossing the cultural gulf -- Syncing your body language with your words -- Presenting yourself online through social media -- Communicating common courtesy : etiquette matters. |
| 650 10 - SUBJECT ADDED ENTRY--TOPICAL TERM | |
| Topical term or geographic name entry element | Business communication |
| 9 (RLIN) | 1235 |
| 650 20 - SUBJECT ADDED ENTRY--TOPICAL TERM | |
| Topical term or geographic name entry element | Oral communication |
| 9 (RLIN) | 684 |
| 650 20 - SUBJECT ADDED ENTRY--TOPICAL TERM | |
| Topical term or geographic name entry element | Interpersonal communication |
| 9 (RLIN) | 1169 |
| 942 ## - ADDED ENTRY ELEMENTS (KOHA) | |
| Source of classification or shelving scheme | |
| Koha item type | Book |
| Withdrawn status | Lost status | Source of classification or shelving scheme | Damaged status | Not for loan | Collection code | Home library | Current library | Shelving location | Date acquired | Inventory number | Total Checkouts | Full call number | Barcode | Date last seen | Price effective from | Koha item type |
|---|---|---|---|---|---|---|---|---|---|---|---|---|---|---|---|---|
| NON-FICTION | AKMAL Melaka | AKMAL Melaka | PINJAMAN | 18.05.2017 | 602738 | 651.73 BOO | 201703312 | 18.05.2017 | 18.05.2017 | Book |
